[Event "Baden Wuerttemberg-ch Seniors op 4th"]
[Site "Freudenstadt"]
[Date "2018.06.19"]
[Round "5"]
[White "Szenetra, Werner"]
[Black "Braeunlin, Klaus"]
[Result "1/2-1/2"]
[WhiteElo "2223"]
[BlackElo "1947"]
[PlyCount "78"]
[EventDate "2018.06.15"]
[EventType "swiss"]
[EventRounds "9"]
[EventCountry "GER"]
[SourceTitle "EXT 2019"]
[Source "ChessBase"]
[SourceDate "2018.10.10"]
[SourceVersion "1"]
[SourceVersionDate "2018.10.10"]
[SourceQuality "1"]

1. Nf3 d5 2. g3 Nf6 3. d3 Nbd7 4. Nbd2 g6 5. Bg2 Bg7 6. 0-0 0-0 7. e4 dxe4 8. dxe4 c6 9. Qe2 e6 10. Nc4 Ne8 11. Bg5 f6 12. Bd2 e5 13. Rfd1 Qe7 14. a4 b6 15. Bf1 Kh8 16. Qe1 Bb7 17. a5 c5 18. axb6 axb6 19. Rxa8 Bxa8 20. Ra1 Nd6 21. Ra7 Nxc4 22. Bxc4 Bc6 23. Bd5 Bxd5 24. exd5 e4 25. Bc3 Re8 26. Nd2 Qd6 27. Nxe4 Qxd5 28. Qd2 Qxd2 29. Nxd2 Nf8 30. Rb7 Ne6 31. Rxb6 Nd4 32. Bxd4 cxd4 33. Rd6 f5 34. Nf3 Rc8 35. b4 Bf8 36. Rxd4 Rxc2 37. Rd8 Kg7 38. Nd4 Rc1+ 39. Kg2 Bxb4 1/2-1/2

[Event "Baden Wuerttemberg-ch Seniors op 4th"]
[Site "Freudenstadt"]
[Date "2018.06.18"]
[Round "4"]
[White "Braeunlin, Klaus"]
[Black "Lutz, Albert"]
[Result "1-0"]
[WhiteElo "1947"]
[BlackElo "2146"]
[PlyCount "185"]
[EventDate "2018.06.15"]
[EventType "swiss"]
[EventRounds "9"]
[EventCountry "GER"]
[SourceTitle "EXT 2019"]
[Source "ChessBase"]
[SourceDate "2018.10.10"]
[SourceVersion "1"]
[SourceVersionDate "2018.10.10"]
[SourceQuality "1"]

1. e4 e5 2. Nf3 Nc6 3. Bc4 Bc5 4. c3 Nf6 5. d3 a5 6. Bb3 d6 7. Nbd2 0-0 8. Nf1 Be6 9. Bc2 d5 10. Qe2 Re8 11. Ng3 b5 12. 0-0 dxe4 13. dxe4 Bc4 14. Qe1 Bxf1 15. Qxf1 Rb8 16. Bg5 h6 17. Rd1 Bd6 18. Bc1 Qc8 19. h3 Bf8 20. Qe2 g6 21. Be3 Rd8 22. Rf1 Ne8 23. Nh2 Nd6 24. Ng4 Kh7 25. Bc1 Qe6 26. b3 Ne7 27. f4 exf4 28. Rxf4 Bg7 29. Qf3 Ng8 30. Qe3 Be5 31. Rf3 Bg7 32. e5 Ne8 33. Nf5 Qb6 34. Nd4 Rd7 35. Kh1 h5 36. Qg5 hxg4 37. hxg4 Nh6 38. Rh3 Rxd4 39. Rxh6+ Bxh6 40. Qxh6+ Kg8 41. cxd4 Qc6 42. Bd1 Qe4 43. Bf3 Qxd4 44. e6 Qg7 45. exf7+ Kxf7 46. Bd5+ Kf8 47. Qf4+ Qf6 48. Qh6+ Qg7 49. Qf4+ Ke7 50. Qe4+ Kd8 51. Bg5+ Nf6 52. Qe6 Rb6 53. Bc6 Rxc6 54. Qxc6 Ke7 55. Qxc7+ Kf8 56. Qd6+ Kf7 57. Qd4 Ne8 58. Qd5+ Kf8 59. Qxb5 Qa1+ 60. Kh2 Qh8+ 61. Kg3 Qc3+ 62. Kf2 Qc2+ 63. Qe2 Qc5+ 64. Be3 Qc7 65. Bh6+ Kg8 66. Qc4+ Qxc4 67. bxc4 Nd6 68. Ke3 Nxc4+ 69. Kd4 Nd6 70. Bd2 a4 71. Bb4 Nf7 72. Be7 Nh6 73. Kc4 Nxg4 74. Bg5 Kf7 75. Kb4 Ke6 76. Kxa4 Ne5 77. Kb5 Nd7 78. Bd8 Ne5 79. Bc7 Nd3 80. a4 Kd7 81. Bg3 Kc8 82. Kb6 Nb4 83. a5 Nd5+ 84. Kc5 Ne7 85. a6 g5 86. Bd6 Nf5 87. Be5 Ne3 88. Kc6 Nc4 89. Bg3 Na5+ 90. Kb5 Nb3 91. Kb6 Nd2 92. a7 Nc4+ 93. Ka6 1-0

[Event "Basel op"]
[Site "Basel"]
[Date "2017.01.06"]
[Round "6"]
[White "Kolb, Markus"]
[Black "Braeunlin, Klaus"]
[Result "1-0"]
[WhiteElo "1742"]
[BlackElo "1965"]
[PlyCount "115"]
[EventDate "2017.01.02"]
[EventType "swiss"]
[EventRounds "9"]
[EventCountry "SUI"]
[SourceTitle "CBM 176 Extra"]
[Source "ChessBase"]
[SourceDate "2017.03.02"]
[SourceVersion "1"]
[SourceVersionDate "2017.03.02"]
[SourceQuality "1"]

1. c4 g6 2. g3 Bg7 3. Bg2 c6 4. Nc3 e5 5. e4 d6 6. Nge2 Bg4 7. 0-0 Nd7 8. d3 Qc7 9. Be3 Ne7 10. Qd2 0-0 11. b4 Rad8 12. Rab1 b6 13. f3 Be6 14. Rfc1 Nf6 15. b5 Qd7 16. a4 c5 17. Ra1 Ne8 18. a5 f5 19. Bf2 Nc8 20. axb6 axb6 21. Rcb1 h6 22. Nd5 Bxd5 23. cxd5 Qf7 24. Nc3 g5 25. Bh3 Ne7 26. Ra7 Qf6 27. Nd1 h5 28. Be3 Bh6 29. Rba1 Ng7 30. Rb7 Nc8 31. Nb2 f4 32. Bf2 g4 33. fxg4 fxg3 34. Be3 gxh2+ 35. Kxh2 Bxe3 36. Qxe3 Qf2+ 37. Qxf2 Rxf2+ 38. Kg3 Rxb2 39. gxh5 Nxh5+ 40. Kf3 Rf8+ 41. Ke3 Nf4 42. Rg1+ Kh8 43. Bf5 Rh2 44. Kf3 Rh3+ 45. Rg3 Rxg3+ 46. Kxg3 Rg8+ 47. Kh4 Ng6+ 48. Kg5 Nge7+ 49. Kf6 Rf8+ 50. Ke6 Kg7 51. Rxe7+ Nxe7 52. Kxe7 Rf6 53. Be6 Rf3 54. Kxd6 Kf6 55. Kd7 Rxd3 56. d6 Ra3 57. Bd5 Ra4 58. Kc8 1-0

[Event "Basel op"]
[Site "Basel"]
[Date "2017.01.04"]
[Round "4"]
[White "Haag, Gregor"]
[Black "Braeunlin, Klaus"]
[Result "1-0"]
[WhiteElo "2251"]
[BlackElo "1965"]
[PlyCount "71"]
[EventDate "2017.01.02"]
[EventType "swiss"]
[EventRounds "9"]
[EventCountry "SUI"]
[SourceTitle "CBM 176 Extra"]
[Source "ChessBase"]
[SourceDate "2017.03.02"]
[SourceVersion "1"]
[SourceVersionDate "2017.03.02"]
[SourceQuality "1"]

1. d4 g6 2. c4 Bg7 3. e4 d6 4. Nc3 e5 5. dxe5 Bxe5 6. Qc2 Bg7 7. Nf3 Bg4 8. Be2 Nc6 9. 0-0 Bxf3 10. Bxf3 Nd4 11. Qa4+ Qd7 12. Qxd7+ Kxd7 13. Bg4+ f5 14. Bh3 Rf8 15. Be3 Ne7 16. Rad1 c5 17. Bxd4 cxd4 18. Ne2 Nc6 19. Ng3 Ne7 20. Ne2 Nc6 21. exf5 gxf5 22. b4 Nxb4 23. Rb1 d3 24. Ng3 Bc3 25. Rb3 Nxa2 26. Ra3 Kc7 27. Bxf5 Rxf5 28. Nxf5 Nc1 29. Rxc1 Bb2 30. Raa1 Kc6 31. Rd1 Bxa1 32. Rxa1 Kc5 33. Rxa7 Rb8 34. Ne3 Kd4 35. Ra5 Kc3 36. g4 1-0

[Event "Baden Wuerttemberg-ch Seniors op 2nd"]
[Site "Freudenstadt"]
[Date "2016.07.07"]
[Round "7"]
[White "Braeunlin, Klaus"]
[Black "Villing, Dieter"]
[Result "1/2-1/2"]
[WhiteElo "1995"]
[BlackElo "2106"]
[PlyCount "101"]
[EventDate "2016.07.01"]
[EventType "swiss"]
[EventRounds "9"]
[EventCountry "GER"]
[SourceTitle "EXT 2019"]
[Source "ChessBase"]
[SourceDate "2018.10.10"]
[SourceVersion "1"]
[SourceVersionDate "2018.10.10"]
[SourceQuality "1"]

1. e4 c5 2. Nf3 e6 3. d4 cxd4 4. Nxd4 Nf6 5. Nc3 Nc6 6. Nb3 Bb4 7. Bd2 Bxc3 8. Bxc3 Nxe4 9. Bxg7 Rg8 10. Bd4 d5 11. Qh5 Nxd4 12. Nxd4 Qf6 13. 0-0-0 Bd7 14. Bb5 Qg5+ 15. Qxg5 Rxg5 16. f4 Rxg2 17. Rhg1 Rxg1 18. Rxg1 Rd8 19. Bd3 Kf8 20. Nf3 f6 21. Re1 Bc6 22. Nd4 Kf7 23. Nxc6 bxc6 24. Bxe4 dxe4 25. Rxe4 Rd5 26. Rc4 Rh5 27. Rxc6 Rxh2 28. Rc7+ Kg6 29. c4 h5 30. c5 Rf2 31. c6 Rxf4 32. b3 Rf5 33. b4 Rf4 34. b5 h4 35. Rxa7 h3 36. Ra3 Rb4 37. Rxh3 Rxb5 38. Rc3 Rb8 39. a4 Kf7 40. a5 Ke7 41. a6 Ra8 42. a7 Kd8 43. Ra3 Kc7 44. Ra6 e5 45. Kd2 f5 46. Kd3 Kd6 47. Kc4 f4 48. Kb5 Kc7 49. Kc4 f3 50. Kd3 e4+ 51. Ke3 1/2-1/2

[Event "Baden Wuerttemberg-ch Seniors op 2nd"]
[Site "Freudenstadt"]
[Date "2016.07.06"]
[Round "6"]
[White "Wessbecher, Hubert"]
[Black "Braeunlin, Klaus"]
[Result "1-0"]
[WhiteElo "2038"]
[BlackElo "1995"]
[PlyCount "83"]
[EventDate "2016.07.01"]
[EventType "swiss"]
[EventRounds "9"]
[EventCountry "GER"]
[SourceTitle "EXT 2019"]
[Source "ChessBase"]
[SourceDate "2018.10.10"]
[SourceVersion "1"]
[SourceVersionDate "2018.10.10"]
[SourceQuality "1"]

1. e4 c6 2. d4 d5 3. exd5 cxd5 4. Bd3 Nc6 5. c3 g6 6. Bf4 Qb6 7. Qb3 Qxb3 8. axb3 Bg7 9. Nf3 Bg4 10. Nbd2 e6 11. b4 b6 12. Bb5 Nge7 13. Ne5 Bxe5 14. Bxe5 0-0 15. Bf6 Rfc8 16. f3 Bf5 17. g4 Bc2 18. Rc1 a6 19. Bxc6 Nxc6 20. Rxc2 Nxb4 21. Kd1 Nxc2 22. Kxc2 Kf8 23. g5 Ke8 24. h4 a5 25. h5 Ra7 26. Nb3 Kd7 27. hxg6 hxg6 28. Nc1 Kc6 29. Nd3 Kb5 30. Ne5 Rcc7 31. Kb3 Ka6 32. Rh8 Kb5 33. Rf8 Rab7 34. Bd8 Rc8 35. Rxf7 Rbb8 36. Bf6 Ka6 37. Re7 Re8 38. Rxe8 Rxe8 39. Nxg6 b5 40. Ne7 Rb8 41. g6 b4 42. g7 1-0

[Event "Oberliga Wuerttemberg 1516"]
[Site "Wuerttemberg"]
[Date "2016.02.21"]
[Round "7.7"]
[White "Fritsch, Rolf"]
[Black "Braeunlin, Klaus"]
[Result "1-0"]
[WhiteElo "2189"]
[BlackElo "1975"]
[PlyCount "92"]
[EventDate "2015.09.20"]
[EventType "team-tourn"]
[EventRounds "9"]
[EventCountry "GER"]
[SourceTitle "EXT 2019"]
[Source "ChessBase"]
[SourceDate "2018.10.10"]
[SourceVersion "1"]
[SourceVersionDate "2018.10.10"]
[SourceQuality "1"]
[WhiteTeam "Stuttgart SF"]
[BlackTeam "Biberach"]
[WhiteTeamCountry "GER"]
[BlackTeamCountry "GER"]

1. e4 c6 2. d4 d5 3. Nc3 dxe4 4. Nxe4 Nf6 5. Nxf6+ exf6 6. c3 Qc7 7. Bd3 Bd6 8. Ne2 Bg4 9. Qd2 Nd7 10. h3 Be6 11. c4 b6 12. 0-0 g6 13. Nc3 Rc8 14. Qe2 0-0 15. d5 Bxh3 16. gxh3 Rfe8 17. Qc2 Bc5 18. Kg2 Qe5 19. f4 Qb8 20. Bd2 f5 21. Rae1 Nf6 22. Rxe8+ Rxe8 23. dxc6 Qd6 24. Be2 Rd8 25. Bc1 Qxc6+ 26. Bf3 Qe6 27. Qe2 Rd4 28. b3 Ne4 29. Bxe4 fxe4 30. Rd1 e3 31. Rxd4 Bxd4 32. Nd5 Qe4+ 33. Kh2 Kf8 34. Bxe3 g5 35. Qf2 Bxe3 36. Qxe3 Qc2+ 37. Kg3 gxf4+ 38. Qxf4 Qxa2 39. Qh6+ Ke8 40. Qe3+ Kf8 41. h4 Qb1 42. h5 Qf5 43. h6 Qe6 44. Qxe6 fxe6 45. Nf6 Kf7 46. Nxh7 Kg6 1-0

[Event "Wuertemberg-ch Seniors 27th"]
[Site "Freudenstadt"]
[Date "2015.07.10"]
[Round "9"]
[White "Braeunlin, Klaus"]
[Black "Ackermann, Hermann"]
[Result "1/2-1/2"]
[WhiteElo "2049"]
[BlackElo "1944"]
[PlyCount "80"]
[EventDate "2015.07.03"]
[EventType "swiss"]
[EventRounds "9"]
[EventCountry "GER"]
[SourceTitle "EXT 2016"]
[Source "ChessBase"]
[SourceDate "2015.10.08"]
[SourceVersion "1"]
[SourceVersionDate "2015.10.08"]
[SourceQuality "1"]

1. e4 d6 2. d4 Nf6 3. Nc3 g6 4. Be2 Bg7 5. g4 c6 6. h3 Qa5 7. Bd2 Qc7 8. g5 Nfd7 9. Be3 a6 10. Qd2 b5 11. f4 b4 12. Na4 c5 13. c3 Bb7 14. Bf3 Bc6 15. b3 Qa5 16. cxb4 cxb4 17. Nb2 Qc7 18. Rc1 Qb7 19. Nc4 a5 20. d5 Bb5 21. Bd4 0-0 22. Ne2 Na6 23. Nxa5 Qb8 24. Nc6 Bxc6 25. Bxg7 Kxg7 26. dxc6 Ndc5 27. 0-0 Ra7 28. f5 Qb6 29. f6+ exf6 30. gxf6+ Kg8 31. Nd4 Ne6 32. Rc4 Nac5 33. Kh1 Qa5 34. Rf2 Qc7 35. Nb5 Qb6 36. Nxa7 Qxa7 37. Rc2 Qb6 38. Qxd6 Rd8 39. Qe7 Qxc6 40. Rfd2 Rxd2 1/2-1/2

[Event "Wuertemberg-ch Seniors 27th"]
[Site "Freudenstadt"]
[Date "2015.07.10"]
[Round "8"]
[White "Sand, Rolf"]
[Black "Braeunlin, Klaus"]
[Result "1-0"]
[WhiteElo "1983"]
[BlackElo "2049"]
[PlyCount "143"]
[EventDate "2015.07.03"]
[EventType "swiss"]
[EventRounds "9"]
[EventCountry "GER"]
[SourceTitle "EXT 2016"]
[Source "ChessBase"]
[SourceDate "2015.10.08"]
[SourceVersion "1"]
[SourceVersionDate "2015.10.08"]
[SourceQuality "1"]

1. c4 c6 2. Nf3 d5 3. g3 Nd7 4. cxd5 cxd5 5. d4 Ngf6 6. Nc3 e6 7. Bg2 Bb4 8. Qb3 Qa5 9. Bd2 Qb6 10. 0-0 Bxc3 11. Qxb6 Nxb6 12. Bxc3 Ne4 13. Rfc1 0-0 14. Nd2 Nxc3 15. Rxc3 Bd7 16. Rac1 Na4 17. R3c2 Rfc8 18. b3 Nb6 19. e3 Kf8 20. Bf1 Ke7 21. Bd3 Bc6 22. e4 h6 23. e5 f5 24. f4 g5 25. Kf2 Rg8 26. Rg1 gxf4 27. gxf4 Rxg1 28. Kxg1 Rg8+ 29. Kf2 Rg4 30. Kf3 Kd8 31. Nf1 Be8 32. Rg2 Rxg2 33. Kxg2 Nc8 34. Ng3 Ne7 35. Kf3 Kc7 36. Ke3 Kb6 37. Be2 Ka5 38. a3 Kb6 39. Nh5 Nc6 40. Nf6 Bf7 41. Nd7+ Kc7 42. Nc5 b6 43. Na4 Be8 44. Nc3 Na5 45. Bd1 a6 46. Kd3 Nc6 47. Ke3 b5 48. b4 Kb6 49. Be2 Ne7 50. Bd1 a5 51. Na2 Nc6 52. Be2 Ne7 53. Nc3 Ng8 54. Kf2 Ne7 55. Ke3 Nc8 56. Kd2 Ka6 57. Ke3 Nb6 58. Kd2 axb4 59. axb4 Nc4+ 60. Bxc4 dxc4 61. d5 exd5 62. Nxd5 Kb7 63. Kc3 Bf7 64. Ne3 Be6 65. Nc2 Bd7 66. Nd4 Kc7 67. e6 Be8 68. Nxf5 h5 69. h4 Bg6 70. Nd4 Be8 71. f5 Kd6 72. f6 1-0

[Event "Wuertemberg-ch Seniors 27th"]
[Site "Freudenstadt"]
[Date "2015.07.07"]
[Round "5"]
[White "Braeunlin, Klaus"]
[Black "Dotan, Valeria"]
[Result "0-1"]
[WhiteElo "2049"]
[BlackElo "1919"]
[PlyCount "142"]
[EventDate "2015.07.03"]
[EventType "swiss"]
[EventRounds "9"]
[EventCountry "GER"]
[SourceTitle "EXT 2016"]
[Source "ChessBase"]
[SourceDate "2015.10.08"]
[SourceVersion "1"]
[SourceVersionDate "2015.10.08"]
[SourceQuality "1"]

1. e4 c5 2. a3 d6 3. b4 Nf6 4. Nc3 Nc6 5. b5 Nd4 6. h3 e6 7. a4 Be7 8. Bb2 Bd7 9. Nf3 a6 10. e5 dxe5 11. Nxe5 0-0 12. Bd3 Qc7 13. Nxd7 Qxd7 14. 0-0 Rfd8 15. b6 Nc6 16. Ne4 Nd4 17. Nxf6+ Bxf6 18. Bc3 Qc6 19. a5 c4 20. Be2 Nxe2+ 21. Qxe2 Bxc3 22. dxc3 Rd5 23. Rfd1 Rad8 24. Qf3 Qd7 25. Re1 h6 26. Re4 Qb5 27. Kh2 Rc8 28. Rf4 Qd7 29. Qg4 f5 30. Qe2 Qd6 31. g3 Qc6 32. Ra4 Rc5 33. Rb4 g5 34. Rd4 e5 35. Rd1 Rxa5 36. Qd2 Rf8 37. Qd6 Rc5 38. Qe7 Rf7 39. Qd8+ Kg7 40. Rbb1 Qc8 41. Qd6 Qf8 42. Qxf8+ Rxf8 43. Rd7+ Rf7 44. Rbd1 Rb5 45. R1d6 a5 46. Rc7 Rxc7 47. bxc7 Rc5 48. Rd7+ Kg6 49. Rd5 Rxc7 50. Rxe5 a4 51. Rb5 Rc6 52. Rxb7 Ra6 53. Rb2 a3 54. Ra2 Kf6 55. Kg2 Ke5 56. Kf3 Kd5 57. Ke3 Kc5 58. Kd2 Kb5 59. Ke3 Ka4 60. Kd4 Rb6 61. Kxc4 Rb2 62. Ra1 a2 63. Rd1 Rb1 64. Rd8 Ka3 65. f4 gxf4 66. gxf4 a1Q 67. Ra8+ Kb2 68. Rxa1 Rxa1 69. Kd4 Kxc2 70. c4 Re1 71. c5 Re4+ 0-1

[Event "Wuertemberg-ch Seniors 27th"]
[Site "Freudenstadt"]
[Date "2015.07.06"]
[Round "4"]
[White "Fitzke, Ulrich"]
[Black "Braeunlin, Klaus"]
[Result "1-0"]
[WhiteElo "1872"]
[BlackElo "2049"]
[PlyCount "103"]
[EventDate "2015.07.03"]
[EventType "swiss"]
[EventRounds "9"]
[EventCountry "GER"]
[SourceTitle "EXT 2016"]
[Source "ChessBase"]
[SourceDate "2015.10.08"]
[SourceVersion "1"]
[SourceVersionDate "2015.10.08"]
[SourceQuality "1"]

1. d4 d5 2. c4 dxc4 3. e3 c6 4. Bxc4 Nf6 5. Nf3 e6 6. Nc3 Be7 7. 0-0 0-0 8. b3 Nbd7 9. Bb2 Bd6 10. Qc2 Qe7 11. Rfd1 a6 12. Bd3 h6 13. Rac1 Re8 14. h3 b5 15. Ne4 Bb7 16. Nxd6 Qxd6 17. Ne5 Rac8 18. Nxd7 Qxd7 19. Ba3 Qc7 20. Bc5 Rcd8 21. Be2 a5 22. a3 Ra8 23. b4 Qd8 24. Bf3 Nd5 25. Ra1 Qg5 26. Bd6 Red8 27. Bc5 a4 28. Rac1 Rd7 29. Qe4 Re8 30. Qg4 Qd8 31. Qg3 Kh8 32. Bh5 Rg8 33. Qe5 Kh7 34. Be2 Qf6 35. Bd3+ Kh8 36. Qh5 Qg5 37. Qxg5 hxg5 38. Be4 g6 39. Bxd5 exd5 40. Rf1 Re8 41. Rce1 f5 42. Re2 Kg7 43. Rfe1 Kf6 44. f3 Rh7 45. e4 dxe4 46. fxe4 f4 47. e5+ Ke6 48. Kf2 Bc8 49. Kf3 Kd5 50. e6 Rh5 51. e7 Bf5 52. Rc1 1-0

[Event "Basel op"]
[Site "Basel"]
[Date "2015.01.02"]
[Round "3"]
[White "Braeunlin, Klaus"]
[Black "Toenz, Arthur"]
[Result "1/2-1/2"]
[WhiteElo "2091"]
[BlackElo "2006"]
[PlyCount "205"]
[EventDate "2015.01.01"]
[EventType "swiss"]
[EventRounds "7"]
[EventCountry "SUI"]
[SourceTitle "CBM 164 Extra"]
[Source "ChessBase"]
[SourceDate "2015.03.02"]
[SourceVersion "1"]
[SourceVersionDate "2015.03.02"]
[SourceQuality "1"]

1. e4 g6 2. d4 Bg7 3. Nc3 c5 4. Nf3 cxd4 5. Nxd4 Nc6 6. Be3 Nf6 7. Be2 d6 8. h3 Bd7 9. Qd2 0-0 10. 0-0 Rc8 11. Rad1 Ne5 12. Bh6 Nc4 13. Bxc4 Rxc4 14. Bxg7 Kxg7 15. Rfe1 a6 16. e5 dxe5 17. Rxe5 e6 18. Ne4 Nxe4 19. Rxe4 Qc7 20. c3 b5 21. Rh4 Rh8 22. Qh6+ Kg8 23. Qg5 Kg7 24. Rf4 Rf8 25. Qf6+ Kg8 26. Rf3 b4 27. h4 bxc3 28. bxc3 Qd8 29. Qf4 Qc7 30. Qd2 e5 31. Ne2 Ba4 32. Rc1 Rxh4 33. Qg5 Rc4 34. Ng3 Rf4 35. Rxf4 exf4 36. Nh5 h6 37. Qxf4 Qxf4 38. Nxf4 Rc8 39. f3 Bb5 40. Nd5 Rc5 41. Nf6+ Kf8 42. Ne4 Rc6 43. Kf2 Bc4 44. a3 Ke7 45. Rb1 Bd3 46. Re1 Bxe4 47. Rxe4+ Kd6 48. Ra4 Kc5 49. Ke3 f5 50. Kd3 Rd6+ 51. Kc2 Re6 52. g4 fxg4 53. fxg4 Rd6 54. Ra5+ Kc4 55. Re5 Rc6 56. Re8 Kc5 57. Rh8 g5 58. Rf8 Kc4 59. Rd8 Rf6 60. Rc8+ Kb5 61. Kb3 Rf4 62. a4+ Ka5 63. Rc5+ Kb6 64. Rc4 Rf2 65. Re4 Rf4 66. Re6+ Ka5 67. Re5+ Kb6 68. Re6+ Ka5 69. Rxh6 Rxg4 70. Re6 Rg1 71. Re5+ Kb6 72. a5+ Kc6 73. Rf5 g4 74. Kc4 Ra1 75. Rg5 g3 76. Rg6+ Kb7 77. Rxg3 Rxa5 78. Rg6 Rh5 79. Kd4 Rh4+ 80. Kd5 Rh5+ 81. Kc4 Rh4+ 82. Kb3 Rh3 83. Kb4 a5+ 84. Kb3 Rf3 85. Rg4 Kb6 86. Kc4 Rf6 87. Rh4 Rg6 88. Rh5 Rc6+ 89. Kb3 Rc5 90. Rh8 Rc6 91. c4 Kc5 92. Rh5+ Kb6 93. Kc3 Rc7 94. Rb5+ Ka6 95. Rb1 Rb7 96. Ra1 Kb6 97. Ra2 Rh7 98. Rb2+ Kc6 99. Rb5 Rh3+ 100. Kb2 Rh4 101. Kb3 Rh3+ 102. Ka4 Rc3 103. Rxa5 1/2-1/2

[Event "Basel op"]
[Site "Basel"]
[Date "2015.01.01"]
[Round "1"]
[White "Braeunlin, Klaus"]
[Black "Loetscher, Roland"]
[Result "0-1"]
[WhiteElo "2091"]
[BlackElo "2444"]
[PlyCount "102"]
[EventDate "2015.01.01"]
[EventType "swiss"]
[EventRounds "7"]
[EventCountry "SUI"]
[SourceTitle "CBM 164 Extra"]
[Source "ChessBase"]
[SourceDate "2015.03.02"]
[SourceVersion "1"]
[SourceVersionDate "2015.03.02"]
[SourceQuality "1"]

1. e4 e5 2. Nf3 Nc6 3. Bc4 Bc5 4. c3 Nf6 5. d3 0-0 6. Nbd2 a5 7. a4 d6 8. Bb3 Ba7 9. Nf1 d5 10. Qe2 h6 11. h3 dxe4 12. dxe4 Nh5 13. g3 Qe7 14. Be3 Be6 15. Bc2 Rfd8 16. Nh4 Nf6 17. Nd2 Bxe3 18. Qxe3 Nd7 19. Ng2 Nc5 20. f4 b6 21. f5 Bc8 22. 0-0 f6 23. Rfd1 Ba6 24. Nb3 Nb7 25. Qf3 Qf8 26. Ne3 Ne7 27. Rxd8 Rxd8 28. Rd1 Rd6 29. Nd2 Qd8 30. Nd5 Kf8 31. Nf1 Nxd5 32. exd5 Bxf1 33. Kxf1 Qe7 34. b4 Rd8 35. Rb1 Qd6 36. c4 axb4 37. Qb3 Ra8 38. Qxb4 Qxb4 39. Rxb4 Ke7 40. Ke2 Kd6 41. Kd3 Ra5 42. Kc3 Kc5 43. g4 Nd6 44. Bd3 Ra8 45. Be2 Ne4+ 46. Kb3 Kd6 47. Kb2 Nc5 48. Ka3 e4 49. Bd1 Ke5 50. Rb5 e3 51. Kb4 Rxa4+ 0-1

[Event "Stuttgart-chA int"]
[Site "Ditzingen"]
[Date "2014.05.30"]
[Round "5"]
[White "Cerasi, Umberto"]
[Black "Braeunlin, Klaus"]
[Result "0-1"]
[WhiteElo "2019"]
[BlackElo "2145"]
[PlyCount "144"]
[EventDate "2014.05.29"]
[EventType "swiss"]
[EventRounds "7"]
[EventCountry "GER"]
[SourceTitle "EXT 2015"]
[Source "ChessBase"]
[SourceDate "2014.11.20"]
[SourceVersion "1"]
[SourceVersionDate "2014.11.20"]
[SourceQuality "1"]

1. d4 Nf6 2. c4 e6 3. Nc3 Bb4 4. Qb3 Nc6 5. Nf3 a5 6. a3 a4 7. Qc2 Bxc3+ 8. bxc3 d5 9. Bg5 h6 10. Bh4 g5 11. Bg3 Ne4 12. e3 h5 13. h4 Nxg3 14. fxg3 g4 15. Ng1 Ne7 16. c5 Bd7 17. Bd3 b6 18. cxb6 cxb6 19. Qf2 Qc7 20. Ne2 f5 21. 0-0 Nc8 22. e4 dxe4 23. Bxe4 Ra5 24. Rab1 Ne7 25. Bd3 Qd6 26. Ra1 Kf7 27. Rfb1 Rc8 28. Qe3 Nd5 29. Qh6 Nf6 30. Rb4 Rg8 31. Rab1 Ke7 32. Rxb6 Qxa3 33. Rb8 Rxb8 34. Qg7+ Kd8 35. Rxb8+ Kc7 36. Rb1 Nd5 37. Qe5+ Qd6 38. Rb7+ Kc6 39. Rb6+ Nxb6 40. Qxa5 Qd5 41. Qa6 Qb3 42. d5+ Kxd5 43. Kh2 Ke5 44. Qa7 Kf6 45. Qc7 Ke7 46. Nd4 Qb2 47. Nc6+ Kf7 48. Ne5+ Ke8 49. Qb8+ Ke7 50. Qc7 Qb3 51. Nc6+ Kf7 52. Ne5+ Ke8 53. Qb8+ Ke7 54. Qc7 Qd5 55. Ng6+ Ke8 56. Nf4 Qc6 57. Qe5 Kd8 58. Ba6 Nc8 59. Bd3 Qd6 60. Qa5+ Qc7 61. Qb4 Qd6 62. Qa5+ Ke8 63. Ba6 Ne7 64. Nxh5 a3 65. Bb5 Nc8 66. Nf4 Ke7 67. Bxd7 Kxd7 68. h5 Ke7 69. h6 Kf6 70. Qa8 Qf8 71. h7 Qh8 72. Qxa3 Qxh7+ 0-1

[Event "Basel op"]
[Site "Basel"]
[Date "2014.01.03"]
[Round "4"]
[White "Braeunlin, Klaus"]
[Black "Mozharov, Mikhail"]
[Result "1-0"]
[WhiteElo "2123"]
[BlackElo "2566"]
[PlyCount "93"]
[EventDate "2014.01.01"]
[EventType "swiss"]
[EventRounds "7"]
[EventCountry "SUI"]
[SourceTitle "CBM 158 Extra"]
[Source "ChessBase"]
[SourceDate "2014.02.28"]
[SourceVersion "1"]
[SourceVersionDate "2014.02.28"]
[SourceQuality "1"]

1. e4 c5 2. Nf3 Nc6 3. Bb5 g6 4. 0-0 Bg7 5. Re1 e5 6. c3 Nge7 7. d3 0-0 8. Ba4 h6 9. Nbd2 d6 10. Nf1 f5 11. exf5 Nxf5 12. Ng3 Kh8 13. Ne4 Nfe7 14. h3 b6 15. Nh4 Kh7 16. Nf3 d5 17. Ng3 a6 18. Rb1 b5 19. Bc2 Nf5 20. Nxf5 gxf5 21. b4 c4 22. dxc4 dxc4 23. Be3 e4 24. Nd4 Ne5 25. Qh5 Qf6 26. f4 Nd3 27. Rf1 Bd7 28. Kh2 a5 29. bxa5 Rxa5 30. a4 bxa4 31. Rb7 Be8 32. Qe2 Rf7 33. Rb8 Bd7 34. Rfb1 a3 35. Bxd3 cxd3 36. Qa2 Ra6 37. R1b7 Kg6 38. g4 fxg4 39. Rxd7 g3+ 40. Kxg3 Rxd7 41. f5+ Kh5 42. Qb1 Qh4+ 43. Kg2 Rg6+ 44. fxg6 Be5 45. Nf5 Qf6 46. Qd1+ Kxg6 47. Qg4+ 1-0

[Event "Basel Hilton op 15th"]
[Site "Basel"]
[Date "2013.01.04"]
[Round "5"]
[White "Braeunlin, Klaus"]
[Black "Hess, Christian"]
[Result "1/2-1/2"]
[WhiteElo "2131"]
[BlackElo "2269"]
[PlyCount "59"]
[EventDate "2013.01.01"]
[EventType "swiss"]
[EventRounds "7"]
[EventCountry "SUI"]
[SourceTitle "CBM 152 Extra"]
[Source "ChessBase"]
[SourceDate "2013.02.25"]
[SourceVersion "1"]
[SourceVersionDate "2013.02.25"]
[SourceQuality "1"]

1. e4 c6 2. d4 d5 3. e5 Bf5 4. Nf3 e6 5. Be2 Ne7 6. Nbd2 Bg6 7. Nb3 Nf5 8. 0-0 Nd7 9. Re1 Be7 10. Bd2 0-0 11. c4 dxc4 12. Na5 Qc8 13. Nxc4 Nb6 14. Ne3 Qd7 15. Nxf5 Bxf5 16. Qb3 Qd5 17. Qxd5 Nxd5 18. a3 Bg4 19. h3 Bxf3 20. Bxf3 Rfd8 21. Rac1 Rd7 22. Rc2 Bd8 23. Re4 Bb6 24. Rc4 Ne7 25. Be3 h6 26. Rg4 Kf8 27. a4 Nd5 28. Bd2 a5 29. Bxd5 Rxd5 30. Be3 1/2-1/2

[Event "GER-ch Seniors"]
[Site "Dresden"]
[Date "2012.08.15"]
[Round "7"]
[White "Hassenrueck, Helmut"]
[Black "Braeunlin, Klaus"]
[Result "0-1"]
[WhiteElo "2217"]
[BlackElo "2147"]
[PlyCount "94"]
[EventDate "2012.08.09"]
[EventType "swiss"]
[EventRounds "9"]
[EventCountry "GER"]
[SourceTitle "EXT 2014"]
[Source "ChessBase"]
[SourceDate "2013.11.20"]
[SourceVersion "1"]
[SourceVersionDate "2013.11.20"]
[SourceQuality "1"]

1. d4 Nf6 2. Nf3 g6 3. c4 Bg7 4. Nc3 0-0 5. e4 d6 6. Be2 c5 7. 0-0 Re8 8. h3 b6 9. e5 dxe5 10. dxe5 Qxd1 11. Rxd1 Nfd7 12. e6 fxe6 13. Ng5 a6 14. Nxe6 Ra7 15. Nxg7 Kxg7 16. b3 Nc6 17. Be3 e5 18. Nd5 Nd4 19. Bxd4 exd4 20. Bg4 Nf6 21. Nxb6 Bxg4 22. hxg4 Nxg4 23. Na4 Rc7 24. b4 cxb4 25. Rxd4 h5 26. c5 a5 27. f3 Nf6 28. Kf2 Re5 29. Re1 Rd5 30. Rxd5 Nxd5 31. Rc1 Rc6 32. Rc4 Kf6 33. Ke2 g5 34. g3 Re6+ 35. Kf2 Rc6 36. Ke2 Nc7 37. Kd3 Nb5 38. Re4 Re6 39. Rc4 Re1 40. c6 Nc7 41. Nc5 Ra1 42. Rc2 h4 43. gxh4 gxh4 44. Rh2 Ke5 45. Nb3 Rf1 46. Rxh4 Rxf3+ 47. Kc4 Rc3# 0-1